Czech Feminism on the Rise
| Titel: | Czech Feminism on the Rise |
|---|---|
| Verfasser: | |
| In: |
East central Europe, Band 28, Heft 2 (2001), Seite 147-150 alle Artikel anzeigen |
| Veröffentlicht: | 2001 |
| Format: | Aufsatz |
| Sprache: | Englisch |
X
alg: 39504212 001A $01999:12-11-16 001B $01999:04-08-21 $t21:02:55.000 001C $06050:19-11-16 $t08:42:08.000 001D $01999:12-11-16 001U $0utf8 001X $00 002@ $0Aox 003@ $0395042127 007A $0395042127 $aHEB 007T $0Herd34878 010@ $aeng 011@ $a2001 021A $aCzech Feminism on the Rise 028A $aJonssonová $dPavla 031A $d28 $e2 $h147-150 $j2001 039B $aIn $8--Abvc--. East central Europe. - Leiden : Brill, 1974-. - ISSN 0094-3037 $x200100000280002853 $9047226099 039T $8--Aau--. Feminismus devadesátých let českýma očima. - Vyd. 1.. - Praha : Kosmas, 1999. - 278 S.. - ISBN 80-902443-6-X $9094431167 045F $a900.94371 $eDDC23BSB 045F/01 $a900 045F/03 $g4371 045T $a7,41 lok: 39504212 78 exp: 39504212 78 1 #EPN 201B/01 $026-11-17 $t03:55:13.000 201U/01 $0utf8 203@/01 $0791340732 208@/01 $a12-11-16 $be 209A/01 $a/ $f000 $x00 220C/01 $aTitelaufnehmer: cs 244Z/01 $#Tschechien $#Tschechische Republik $#Tschechische Republik $#Tschechenland $#Tschechei Tschechien $#Česká Republika $#Czech Republic $#ČR $74303381-7 $8--Tg1--Tschechien $x01 $9086659812 244Z/01 $2Trx $#Böhmen $#Bohemia $#Czechy $8--Trx--Čechy $x02 $9391188941 244Z/01 $2Trx $#arvustused $#recenzijos $#Reviews $#recenziók $#recenzje $#recenzie $#recenze $8--Trx--Rezensionen $x03 $9391357441 247C/01 $82080>Marburg/Lahn, Herder-Institut, Forschungsbibliothek, Bibliographieportal $9336309341
| LEADER | 00000caa a22000002c 4500 | ||
|---|---|---|---|
| 001 | 395042127 | ||
| 003 | DE-603 | ||
| 005 | 20210804210255.0 | ||
| 007 | tu | ||
| 008 | 161112s2001 xx |||| | u00||u|eng c | ||
| 035 | |a (DE-599)HEB395042127 | ||
| 040 | |a DE-603 |b ger |c DE-603 |d DE-603 | ||
| 041 | |a eng | ||
| 082 | 0 | 4 | |8 1\u |a 900.94371 |q DE-101 |2 23/BSB |
| 084 | |a 7,41 |2 ssgn | ||
| 085 | |8 1\u |b 900 | ||
| 085 | |8 1\u |z 2 |s 4371 | ||
| 100 | 1 | |a Jonssonová, Pavla | |
| 245 | 0 | 0 | |a Czech Feminism on the Rise |
| 264 | 0 | |c 2001 | |
| 773 | 0 | 8 | |i In |t East central Europe |d Leiden : Brill, 1974- |h 24 cm |x 0094-3037 |g Band 28, Heft 2 (2001), Seite 147-150 |w (DE-603)047226099 |w (DE-600)190826-1 |
| 787 | 0 | 8 | |i Rezension von |t Feminismus devadesátých let českýma očima |b Vyd. 1. |d Praha : Kosmas, 1999 |h 278 S. |z 809024436X |w (DE-603)094431167 |
| 924 | 0 | |9 2080 |a (DE-603)791340732 |b DE-2080 |c HES |d d |g / | |


